[Event "Challenge"]
[Site "http://www.queenalice.com/game.php?id=52420"]
[Date "2006.2.11"]
[Round "-"]
[White "jajerduco"]
[Black "sergio"]
[Result "1-0"]
[WhiteElo "1413"]
[BlackElo "1100"]

1. e4 e5 2. Nf3 f6 3. Nh4 d6 4. Qh5+ g6 5. Nxg6 hxg6 6. Qxg6+ Ke7 7. Bc4 Be6 8.
Bxe6 Qe8 9. Qxe8+ Kxe8 10. O-O Ne7 11. Nc3 c6 12. d3 Na6 13. a3 Nc5 14. Bf5 Kd8
15. b4 Na6 16. Be3 Ng8 17. Be6 Bh6 18. Bxg8 1-0

[Event "Challenge"]
[Site "http://www.queenalice.com/game.php?id=60002"]
[Date "2006.3.28"]
[Round "-"]
[White "sergio"]
[Black "Catti"]
[Result "1-0"]
[WhiteElo "959"]
[BlackElo "1102"]

1. d4 e6 2. e4 Bb4+ 3. c3 Ba5 4. f3 Nf6 5. h3 d5 6. e5 Nfd7 7. h4 O-O 8. f4 b6
9. Qg4 f5 10. exf6 Nxf6 11. Qf3 c5 12. Ne2 Nbd7 13. h5 h6 14. Qg3 Ne4 15. Qh3
Ndf6 16. g4 e5 17. fxe5 Nxg4 18. Rg1 Ne3 19. Qxe3 Ng5 20. Qg3 cxd4 21. Nxd4 Bd7
22. Bd2 b5 23. a3 Re8 24. Bf4 Ne4 25. Qxg7# 1-0

[Event "Challenge"]
[Site "http://www.queenalice.com/game.php?id=61196"]
[Date "2006.4.4"]
[Round "-"]
[White "sergio"]
[Black "carlao2005"]
[Result "0-1"]
[WhiteElo "1035"]
[BlackElo "1323"]

1. d4 d5 2. c3 c5 3. dxc5 e5 4. b4 Nc6 5. h3 Nf6 6. f3 h5 7. Bg5 a5 8. Bxf6 gxf6
9. b5 Na7 10. Qa4 Bxc5 11. b6+ Bd7 12. Qb3 Bxb6 13. Qxd5 Bc6 14. Qxd8+ Rxd8 15.
Na3 Nb5 16. Nxb5 Bxb5 17. Rb1 Rd5 18. c4 Bxc4 19. Rxb6 Bxa2 20. Rxb7 Kf8 21. e4
Rd4 22. Ra7 a4 23. Ne2 Rc4 24. Ra6 Bb3 25. Rxf6 a3 26. Rb6 a2 27. Ra6 Ra4 28.
Rc6 a1=Q+ 29. Rc1 Qa2 30. Nc3 Qb2 31. Ne2 Ra1 32. Rxa1 Qxa1+ 33. Kf2 Qb2 34. Kg3
h4+ 35. Kh2 Bc4 36. f4 Bxe2 37. f5 Bxf1 38. Rxf1 Rg8 39. Rg1 Qc2 40. f6 Qxe4 41.
Kh1 Qc2 42. Kh2 Rg6 43. Kh1 Rxf6 44. Kh2 Rf3 45. Kh1 Rg3 46. Kh2 Rd3 47. Kh1 Rd1
48. Kh2 Rxg1 49. Kxg1 e4 50. g3 e3 51. gxh4 e2 52. Kf2 Qd3 53. Ke1 Qd1+ 54. Kf2
e1=Q+ 55. Kg2 Qde2# 0-1

[Event "Challenge"]
[Site "http://www.queenalice.com/game.php?id=61197"]
[Date "2006.4.4"]
[Round "-"]
[White "carlao2005"]
[Black "sergio"]
[Result "0-1"]
[WhiteElo "1293"]
[BlackElo "962"]

1. d4 d5 2. Nc3 c6 3. e4 dxe4 4. Nxe4 f5 5. Ng5 h5 6. Bc4 e6 7. Nxe6 Bxe6 8.
Bxe6 Nf6 9. Bxf5 Qa5+ 10. Bd2 Qxf5 11. Nf3 Qe4+ 12. Qe2 Qxe2+ 13. Kxe2 Nbd7 14.
Rhe1 O-O-O 15. Kf1 c5 16. c3 c4 17. b3 Nb6 18. Ne5 Bd6 19. Nf7 Rhf8 20. Nxd8
Rxd8 21. bxc4 Nxc4 22. Bg5 Ng4 23. Bxd8 Kxd8 24. h3 Nf6 25. a4 Nd2+ 26. Ke2 Bf4
27. g3 Bh6 28. f4 Nfe4 29. Ke3 Nb3 30. Rab1 Ned2 31. Rb2 Nc4+ 32. Kd3 Nxb2+ 33.
Kc2 Nxa4 34. Kxb3 b5 35. Re5 a6 36. Rxh5 Nb6 37. Rc5 g6 38. Rc6 Nd5 39. Rd6+ Kc7
40. Rxd5 Kc6 41. Rc5+ Kb6 42. f5 gxf5 43. Rxf5 Bc1 44. d5 Be3 45. Rf1 a5 46. d6
a4+ 47. Kb4 Bc5# 0-1

[Event "Challenge"]
[Site "http://www.queenalice.com/game.php?id=61344"]
[Date "2006.4.5"]
[Round "-"]
[White "patrick"]
[Black "sergio"]
[Result "1-0"]
[WhiteElo "1056"]
[BlackElo "1036"]

1. g3 Nh6 2. Nc3 c6 3. b3 e5 4. Nf3 f6 5. d4 e4 6. Nxe4 Qe7 7. Qd3 b6 8. a4 Ba6
9. Qc3 Qxe4 10. e3 Qxf3 11. Rg1 Ng4 12. Rg2 Be2 13. h3 Nh2 14. Rxh2 Bxf1 15.
Kxf1 1-0

[Event "Challenge"]
[Site "http://www.queenalice.com/game.php?id=61997"]
[Date "2006.4.8"]
[Round "-"]
[White "jocachess"]
[Black "sergio"]
[Result "1-0"]
[WhiteElo "1144"]
[BlackElo "989"]

1. e4 e5 2. Nf3 f6 3. Bc4 Ne7 4. O-O Ng6 5. d3 Nc6 6. Be3 a6 7. Nc3 b5 8. Bb3
Na5 9. Nd5 c6 10. Bb6 cxd5 11. Bxd8 Kxd8 12. Bxd5 Bb7 13. Qd2 Bxd5 14. Qxa5+ Ke8
15. exd5 Ne7 16. c4 bxc4 17. dxc4 Nf5 18. Rfd1 Bd6 19. c5 Be7 20. Rac1 Bd8 21.
Qa4 a5 22. c6 Ra7 23. Qb5 Nd6 24. Qb8 Rc7 25. Qa8 Ke7 26. Qxa5 Rb7 27. c7 Bxc7
28. Rxc7 Rxc7 29. Qxc7 Rc8 30. Qa7 Kd8 31. a4 Nc4 32. Rb1 e4 33. b3 Nd6 34. Nd4
h6 35. a5 Ne8 36. a6 Nc7 37. d6 Nd5 38. Qb7 g6 39. Qxd5 1-0

[Event "Challenge"]
[Site "http://www.queenalice.com/game.php?id=67188"]
[Date "2006.5.6"]
[Round "-"]
[White "sergio"]
[Black "AAmorim"]
[Result "0-1"]
[WhiteElo "1025"]
[BlackElo "1266"]

1. d4 d5 2. Nc3 Nc6 3. Nf3 f6 4. Nh4 e5 5. f4 f5 6. dxe5 Qxh4+ 7. g3 Qd8 8. Qd3
Nb4 9. Qd2 g6 10. a3 Na6 11. Nxd5 Be6 12. Nb4 Nxb4 13. axb4 Qd5 14. Qxd5 Bxd5
15. Ra5 Bxb4+ 16. Bd2 Bxa5 17. Bxa5 Bxh1 18. e3 O-O-O 19. Bc4 Ne7 20. Bb4 Nd5
21. Bxd5 Rxd5 22. Bc3 Rhd8 23. Ke2 Be4 24. Bb4 h6 25. e6 Re8 26. c4 Bd3+ 27. Kd2
Bxc4+ 28. Kc3 Ba2 29. e7 a5 30. Ba3 b5 31. b4 axb4+ 32. Bxb4 c5 33. Kb2 cxb4 34.
Kxa2 Rd2+ 35. Kb3 Rxh2 36. Kxb4 Rxe7 37. Kxb5 Rxe3 38. Kc5 Rc2+ 39. Kd4 Rxg3 40.
Ke5 g5 41. Kxf5 gxf4 42. Kxf4 Rg8 43. Ke5 Re2+ 44. Kf6 Rg1 45. Kf5 Rf1+ 46. Kg6
Rg2+ 47. Kxh6 Rh1# 0-1

[Event "Challenge"]
[Site "http://www.queenalice.com/game.php?id=68513"]
[Date "2006.5.11"]
[Round "-"]
[White "carlao2005"]
[Black "sergio"]
[Result "1/2-1/2"]
[WhiteElo "1344"]
[BlackElo "1068"]

1. e4 e5 2. Nf3 f6 3. d4 d5 4. c3 dxe4 5. Nfd2 exd4 6. cxd4 Qxd4 7. Nb3 Qxd1+ 8.
Kxd1 Bg4+ 9. Be2 c6 10. Bxg4 b6 11. Re1 f5 12. Bxf5 Bd6 13. Rxe4+ Ne7 14. Bg5
O-O 15. Bxe7 Rxf5 16. Bxd6 Rd5+ 17. Rd4 Na6 18. Rxd5 cxd5 19. Nc3 Rd8 20. Be5 d4
21. Nxd4 Nb4 22. a3 Nc6 23. Ne2 Nxe5 24. f4 Ng4 25. h3 Ne3+ 26. Kc1 Nxg2 27. b4
Re8 28. f5 Ne3 29. Ng3 g6 30. fxg6 hxg6 31. Ra2 Rc8+ 32. Rc2 Nxc2 33. Nxc2 Rc3
34. Ne4 Rxh3 35. Nd6 g5 36. Nb5 a6 37. Nc7 a5 38. b5 g4 39. Nd5 g3 40. Nce3 Rh1+
41. Kd2 Ra1 42. Nxb6 Rxa3 43. Nbc4 Ra2+ 44. Kd3 a4 45. b6 Rf2 46. b7 Rf8 47. Kc3
Re8 48. Kb4 Kg7 49. Kxa4 Kg6 50. Nd6 Rb8 51. Ka5 Kg5 52. Ka6 Kf4 53. Ndc4 Kf3
54. Ka7 Rd8 55. b8=Q Rxb8 56. Kxb8 g2 57. Nxg2 Kxg2 58. Kc7 1/2-1/2

[Event "Challenge"]
[Site "http://www.queenalice.com/game.php?id=69317"]
[Date "2006.5.15"]
[Round "-"]
[White "sergio"]
[Black "carlao2005"]
[Result "1-0"]
[WhiteElo "1011"]
[BlackElo "1344"]

1. d4 d5 2. c3 c5 3. Nf3 cxd4 4. Nxd4 e5 5. Nb3 Nf6 6. f3 Be7 7. e3 O-O 8. Bb5
a6 9. Bd3 Nc6 10. e4 d4 11. cxd4 Nxd4 12. Nxd4 Qxd4 13. a3 Bxa3 14. Rxa3 Bd7 15.
Nc3 Bb5 16. Ne2 Qb4+ 17. Qd2 Qxd2+ 18. Kxd2 Rad8 19. Rd1 Bxd3 20. Rxd3 Rxd3+ 21.
Kxd3 Rd8+ 22. Kc2 Rxd1 23. Kxd1 Nd7 24. Ng3 g6 25. h4 h5 26. b4 b5 27. Ne2 Nb8
28. Kc2 Nc6 29. Kc3 f5 30. exf5 gxf5 31. f4 exf4 32. Nxf4 Kh7 33. Nxh5 Kg6 34.
Nf4+ Kh6 35. Nd5+ Kh5 36. g3 Kg4 37. Bf4 a5 38. bxa5 Nxa5 39. Kb4 Nc6+ 40. Kxb5
Nd4+ 41. Kc5 Ne6+ 42. Kd6 Nxf4 43. gxf4 Kxh4 44. Ke5 Kg4 45. Nf6+ Kf3 46. Kxf5
Kg3 47. Kg5 Kf3 48. f5 Ke3 49. Nh5 1-0

[Event "Challenge"]
[Site "http://www.queenalice.com/game.php?id=72994"]
[Date "2006.5.30"]
[Round "-"]
[White "sergio"]
[Black "carlao2005"]
[Result "0-1"]
[WhiteElo "1106"]
[BlackElo "1334"]

1. d4 d5 2. c3 c5 3. dxc5 e5 4. e3 Bxc5 5. b4 Bd6 6. Bb5+ Bd7 7. Qa4 Nf6 8.
Bxd7+ Qxd7 9. Qxd7+ Nfxd7 10. Nh3 e4 11. O-O O-O 12. Rd1 Nf6 13. b5 a6 14. b6
Nbd7 15. c4 Nxb6 16. cxd5 Nbxd5 17. Rxd5 Nxd5 18. Ba3 Bxa3 19. Nxa3 Nc3 20. Nf4
Rad8 21. g4 Rd7 22. Nc4 Rfd8 23. Kg2 Rd1 24. Rxd1 Rxd1 25. a3 b5 26. Ne5 a5 27.
Nc6 b4 28. axb4 a4 29. b5 Nxb5 30. Nb4 Nc3 31. h4 a3 32. g5 Rb1 33. Nc2 a2 34.
h5 Rc1 35. g6 Rxc2 36. gxf7+ Kxf7 37. Nh3 h6 38. Nf4 a1=Q 39. Kg3 Ne2+ 40. Nxe2
Rxe2 41. Kf4 Rxf2+ 42. Kxe4 Qb1+ 43. Kd4 Re2 44. e4 Qxe4+ 45. Kc5 Rd2 46. Kb5
Rc2 47. Kb6 Qb4+ 48. Ka7 Ra2# 0-1

[Event "Invitation"]
[Site "http://www.queenalice.com/game.php?id=76705"]
[Date "2006.6.15"]
[Round "-"]
[White "sergio"]
[Black "rodrigo1976"]
[Result "0-1"]
[WhiteElo "1110"]
[BlackElo "1432"]

1. d4 d5 2. c3 Nf6 3. f3 e6 4. Bg5 Be7 5. Bxf6 Bxf6 6. Na3 Nc6 7. e3 e5 8. Bb5
Bd7 9. Bxc6 Bxc6 10. dxe5 Bxe5 11. f4 Bd6 12. g3 d4 13. Qxd4 Bxh1 14. Nc4 O-O
15. O-O-O Re8 16. Nh3 Bf3 17. Rf1 Bg4 18. Ng5 Be7 19. Qxd8 Raxd8 20. Ne4 Be2 21.
Rf2 Bxc4 22. b3 Ba3+ 23. Rb2 Bxb2+ 24. Kxb2 Rxe4 25. bxc4 Rxe3 26. Kb3 Rdd3 27.
Kb4 Rxc3 28. a4 a5+ 29. Kxa5 Rxc4 30. Kb5 Ree4 31. a5 Ra4 32. h4 Reb4+ 33. Kc5
b6+ 34. axb6 cxb6+ 35. Kc6 Rc4+ 36. Kxb6 Ra8 37. Kb5 Rcc8 38. Kb4 Rab8+ 39. Ka3
Rc1 40. Ka2 Rc7 41. Ka3 Ra7# 0-1

[Event "Challenge"]
[Site "http://www.queenalice.com/game.php?id=80229"]
[Date "2006.6.26"]
[Round "-"]
[White "carlao2005"]
[Black "sergio"]
[Result "1-0"]
[WhiteElo "1351"]
[BlackElo "1191"]

1. e4 e5 2. Nf3 f6 3. c3 Nh6 4. d4 d5 5. Bd3 Bg4 6. h3 Bxf3 7. gxf3 dxe4 8. fxe4
Nf7 9. d5 Bd6 10. c4 Bb4+ 11. Bd2 Bc5 12. b4 Bd4 13. Bc3 Bb6 14. c5 a5 15. cxb6
cxb6 16. Na3 a4 17. Bb5+ Kf8 18. Bxa4 Qc8 19. Rc1 Qd8 20. O-O Nd7 21. Nc4 Rc8
22. Bb5 Nb8 23. d6 Rxc4 24. Bxc4 Nxd6 25. b5 Nf7 26. Qxd8+ Nxd8 27. Rcd1 Ke8 28.
Rd6 Ke7 29. Rxb6 Nd7 30. Bb4+ Ke8 31. Rd1 Nxb6 32. Rc1 h5 33. Ba5 Nd7 34. b6 Rf8
35. Bd5 f5 36. Rc8 Ke7 37. f3 Kf6 38. Rc7 Rf7 39. Bxf7 Kxf7 40. Rxd7+ Ke8 41.
Rxg7 fxe4 42. fxe4 h4 43. Rg5 Nc6 44. Bc3 Kf7 45. Bxe5 Nxe5 46. Rxe5 Kf6 47. Re8
Kf7 48. Rb8 Kf6 49. Rxb7 Ke5 50. Ra7 Kxe4 51. b7 Kf4 52. b8=Q+ Ke4 53. Rf7 Kd4
54. Qe8 Kd5 55. Rd7+ Kc4 56. Qc8+ Kb4 57. Rb7+ Ka5 58. Qa8# 1-0

[Event "Challenge"]
[Site "http://www.queenalice.com/game.php?id=81902"]
[Date "2006.7.2"]
[Round "-"]
[White "Luann03"]
[Black "sergio"]
[Result "0-1"]
[WhiteElo "1500"]
[BlackElo "1087"]

1. e3 e5 2. Qf3 f6 3. Bc4 Qe7 4. Qd5 c6 5. Qd3 d5 6. Bb3 e4 7. Qd4 Qe5 8. Qa4 a5
9. f4 exf3 10. gxf3 Bb4 11. c3 b5 12. f4 Qe4 13. d3 Qxh1 14. cxb4 bxa4 15. Bxa4
axb4 16. Nd2 Qxg1+ 17. Ke2 Bg4+ 18. Nf3 Qg2+ 19. Ke1 Bxf3 20. Bd1 Qg1+ 21. Kd2
Qxd1# 0-1

[Event "Challenge"]
[Site "http://www.queenalice.com/game.php?id=82008"]
[Date "2006.7.3"]
[Round "-"]
[White "wagner"]
[Black "sergio"]
[Result "0-1"]
[WhiteElo "1054"]
[BlackElo "1087"]

1. e4 e5 2. Qf3 f6 3. Bc4 Nh6 4. Qh5+ g6 5. Qd1 c6 6. b3 d5 7. Bf1 dxe4 8. d3
Qd4 9. c3 Qb6 10. dxe4 Ng4 11. h3 Qxf2# 0-1

[Event "Challenge"]
[Site "http://www.queenalice.com/game.php?id=84878"]
[Date "2006.7.11"]
[Round "-"]
[White "zalvaje"]
[Black "sergio"]
[Result "0-1"]
[WhiteElo "1290"]
[BlackElo "1096"]

1. e4 e5 2. Nf3 f6 3. Bc4 c6 4. b3 d5 5. exd5 cxd5 6. Bb5+ Bd7 7. Bxd7+ Nxd7 8.
O-O Nh6 9. h3 g5 10. g4 Bc5 11. Nc3 Nb6 12. d4 Bb4 13. Bd2 Bxc3 14. Bxc3 e4 15.
Nh2 a5 16. a4 O-O 17. Qd2 Nd7 18. b4 axb4 19. Bxb4 Nb6 20. Bxf8 Qxf8 21. a5 Nc4
22. Qc3 Nf7 23. f3 e3 24. Rfe1 Re8 25. Nf1 Qh6 26. Kg2 e2 27. Ng3 Ne3+ 28. Kh2
Nf1+ 29. Nxf1 exf1=Q 30. Rxf1 Re2+ 31. Kg3 Qh4# 0-1

[Event "Challenge"]
[Site "http://www.queenalice.com/game.php?id=85163"]
[Date "2006.7.12"]
[Round "-"]
[White "sergio"]
[Black "carlao2005"]
[Result "1-0"]
[WhiteElo "1163"]
[BlackElo "1351"]

1. d4 d5 2. c3 Nc6 3. Bf4 e6 4. a4 g5 5. Be5 f6 6. Bg3 e5 7. e3 e4 8. Qh5+ Kd7
9. Qf7+ Qe7 10. Qxd5+ Ke8 11. Bb5 Be6 12. Qxe4 f5 13. Bxc6+ Bd7 14. Bxd7+ Kxd7
15. Qxf5+ Ke8 16. Be5 Nh6 17. Qf3 Bg7 18. Bxg7 Qxg7 19. Qxb7 Rd8 20. Qxa7 Ng4
21. Nf3 Kd7 22. Qc5 Rb8 23. Qf5+ Kd8 24. Qxg4 Rxb2 25. O-O h6 26. Ne5 Rb6 27.
Nd2 Rh7 28. Rfb1 h5 29. Qe4 g4 30. Qa8+ Ke7 31. Qc8 Kd6 32. Ndc4+ Ke7 33. Qxc7+
Kf8 34. Nd7+ Ke8 35. Nd6+ Rxd6 36. Qxd6 Qxd7 37. Rb8+ 1-0

[Event "Challenge"]
[Site "http://www.queenalice.com/game.php?id=89477"]
[Date "2006.7.25"]
[Round "-"]
[White "claudiocaire"]
[Black "sergio"]
[Result "0-1"]
[WhiteElo "1439"]
[BlackElo "1127"]

1. e4 d5 2. Qf3 c6 3. exd5 Qxd5 4. Qf4 e5 5. Qe3 Bc5 6. Qg3 Nf6 7. Qxg7 Qe4+ 8.
Ne2 Rg8 9. Qxf6 Qf5 10. Qh4 Qxf2+ 11. Qxf2 Bxf2+ 12. Kxf2 Be6 13. g3 Bd5 14. Rg1
Na6 15. Nec3 O-O-O 16. d3 Nb4 17. Bg5 Rxg5 18. a3 Nxc2 19. Ra2 Bxa2 20. Nxa2
Rf5+ 21. Ke2 Nd4+ 22. Ke3 Rf3+ 23. Ke4 f5+ 24. Kxe5 Rd5+ 25. Kf6 h6 26. Bg2 Rd6+
27. Ke5 Kc7 28. Rc1 Rxd3 29. Nb4 Re3+ 30. Kf4 Re2 31. Bh3 Re4# 0-1

[Event "Challenge"]
[Site "http://www.queenalice.com/game.php?id=90553"]
[Date "2006.7.29"]
[Round "-"]
[White "sergio"]
[Black "carlao2005"]
[Result "1-0"]
[WhiteElo "1180"]
[BlackElo "1379"]

1. d4 d5 2. c3 c5 3. dxc5 e5 4. Nf3 e4 5. Nd4 Bxc5 6. Nb3 b6 7. e3 Nf6 8. h3 Nc6
9. g4 O-O 10. g5 Ne8 11. Bb5 Qd7 12. N1d2 a6 13. Bxc6 Qxc6 14. Nf1 Nc7 15. h4
Bf5 16. Ng3 g6 17. h5 Bd6 18. Qd4 b5 19. h6 f6 20. gxf6 Ne6 21. Qd2 Rxf6 22. Nd4
Nxd4 23. Qxd4 Bc5 24. Qd2 a5 25. Rg1 b4 26. Nh5 bxc3 27. Qxc3 Rff8 28. Qg7# 1-0

[Event "Challenge"]
[Site "http://www.queenalice.com/game.php?id=91356"]
[Date "2006.7.31"]
[Round "-"]
[White "carlao2005"]
[Black "sergio"]
[Result "1-0"]
[WhiteElo "1364"]
[BlackElo "1206"]

1. e4 e5 2. Nf3 f6 3. d4 Bd6 4. d5 Bb4+ 5. Nc3 Bxc3+ 6. bxc3 d6 7. Bc4 a6 8. O-O
Qe7 9. Be3 b5 10. Bd3 Bg4 11. h3 Bxf3 12. Qxf3 h5 13. c4 b4 14. a3 b3 15. cxb3
a5 16. c5 dxc5 17. Rfc1 Nd7 18. b4 a4 19. Bxc5 Qf7 20. Bb5 Nh6 21. Bxd7+ Qxd7
22. Qxh5+ Qf7 23. Qxf7+ Nxf7 24. Be3 O-O 25. Rxc7 Nd6 26. Bc5 Nxe4 27. Bxf8 Rxf8
28. Rac1 Kh7 29. Rc8 Rf7 30. R1c7 Rxc7 31. Rxc7 Kg6 32. b5 Nd6 33. b6 Ne8 34.
Rd7 f5 35. b7 Nf6 36. Rd6 Kf7 37. b8=Q Ke7 38. Qd8+ Kf7 39. Qc7+ Kg6 40. Rxf6+
Kxf6 41. d6 e4 42. d7 Kg5 43. d8=Q+ Kg6 44. Qg3+ Kf7 45. Qgd6 e3 46. Q8f8# 1-0

[Event "Challenge"]
[Site "http://www.queenalice.com/game.php?id=102299"]
[Date "2006.9.4"]
[Round "-"]
[White "sergio"]
[Black "carlao2005"]
[Result "0-1"]
[WhiteElo "1196"]
[BlackElo "1371"]

1. d4 d5 2. c3 c5 3. Nf3 cxd4 4. Nxd4 e5 5. Qa4+ Bd7 6. Nb5 a6 7. Nc7+ Qxc7 8.
Qh4 Be7 9. Qg3 Nc6 10. Qxg7 Bf6 11. Qg3 O-O-O 12. Bg5 e4 13. Qh4 Qe5 14. Bxf6
Qxf6 15. Qxf6 Nxf6 16. h3 h5 17. e3 h4 18. Be2 Rhg8 19. Rg1 Bxh3 20. Bf1 Ne5 21.
Rh1 Bxg2 22. Rxh4 Nf3+ 23. Ke2 Nxh4 24. Nd2 Bxf1+ 25. Kxf1 Nf3 26. Ke2 Rg1 27.
Rxg1 Nxg1+ 28. Kd1 Nf3 29. Nb3 Ng4 30. Ke2 Rh8 31. Nd4 Nxd4+ 32. cxd4 Rh2 33. b4
Rxf2+ 34. Ke1 Rxa2 35. Kf1 b6 36. Ke1 b5 37. Kd1 Nxe3+ 38. Kc1 Nc4 39. Kb1 Rb2+
40. Kc1 e3 41. Kd1 Na3 42. Ke1 f5 43. Kd1 Nc4 44. Ke1 f4 45. Kf1 f3 46. Ke1 Rb1#
0-1